000 02246cam a2200397 i 4500
001 18822096
005 20260203105437.0
008 151016s2016 mau b 001 0 eng c
010 _a 2015039151
020 _a9780674984066 (paperback)
035 _a18822096
040 _aMH/DLC
_beng
_cMH
_erda
_dDLC
041 1 _aeng
_hita
042 _apcc
043 _ae-it---
082 0 0 _a851.1 SAN
_223
100 1 _aSantagata, Marco,
_eauthor.
240 1 0 _aDante.
_lEnglish
245 1 0 _aDante :
_bthe story of his life /
_cMarco Santagata ; translated by Richard Dixon.
264 1 _aCambridge, Massachusetts :
_bThe Belknap Press of Harvard University Press,
_c2016.
300 _a485 pages ;
_c25 cm
336 _atext
_2rdacontent
365 _bRs. 1574.00
500 _aFirst published as Dante : il romanzo della sua vita. Milano : Arnoldo Mondadore Editore, 2012.
504 _aIncludes bibliographical references and index.
505 0 _aPart One: Florence -- Childhood (1265-1283) -- A strange Florentine (1283-1295) -- Municipal man (1295-1301) -- Condemned to the stake (1301-1302) -- Part Two: Exile -- At war with Florence (1302-1304) -- Return to study and writing (1304-1306) -- The penitent (1306-1310) -- An emperor arrives (1310-1313) -- The prophet (1314-1315) -- Courtier (1316-1321).
520 _a"Marco Santagata illuminates one of the world's supreme poets from many angles--philosopher, father, courtier, political partisan. He brings together a vast body of Italian scholarship on Dante's medieval world, untangles a complex web of family relationships for English readers, and shows the influence of local and regional politics on his writing."--Provided by publisher.
600 0 0 _aDante Alighieri,
_d1265-1321.
650 0 _aPoets, Italian
_yTo 1500
_vBiography.
655 7 _aBiographies.
_2lcgft
_0https://id.loc.gov/authorities/genreForms/gf2014026049
765 0 8 _iTranslation of:
_aSantagata, Marco.
_tDante.
_b1. ed.
_dMilano : Mondadori, 2012
_z9788804620266
_w(DLC) 2012502863
_w(OCoLC)811124381
906 _a7
_bcbc
_corignew
_d1
_eecip
_f20
_gy-gencatlg
942 _2ddc
_cBK
999 _c214228
_d214228